| 000 | 00881nas a2200301 4500 | ||
|---|---|---|---|
| 001 | BR2010000158 | ||
| 003 | BR-BrBNA | ||
| 005 | 20231205113816.0 | ||
| 007 | ta | ||
| 008 | 230509b bl.|||p| |||| 00| 00por d | ||
| 040 |
_aBR-BrBNA _bpor _cBiblioteca Nacional de Agricultura |
||
| 041 | _a(Pt) | ||
| 072 | _aF01; L02 | ||
| 100 | 1 | _aMoreira, J.N. | |
| 100 | 1 | _aLira, M. de A. | |
| 100 | 1 | _aSantos, M.V.F. dos | |
| 100 | 1 | _aAraújo, G.G.L. de | |
| 100 | 1 | _aSilva, G.C. da | |
| 245 | 1 | _aPotencial de produção de capim Buffel na época seca no semi-árido pernambucano | |
| 650 | _aCAPIM BUFFEL | ||
| 650 | _aCOMPOSIÇÃO BOTANICA | ||
| 650 | _aFORRAGEM | ||
| 650 | _aPASTAGEM | ||
| 650 | _aPERNAMBUCO | ||
| 773 | 0 |
_tCaatinga (Brazil) _xISSN 0100-316X _g(2007), v. 20(3) p. 22-29 _wBR2010000158 |
|
| 909 |
_a202311 _bLúcia _c55 _dLúcia Elande |
||
| 942 |
_2AGRIS _n0 _cANA |
||
| 999 |
_c205731 _d205731 |
||